The Book of Revelation. (Record no. 502)

000 -LEADER
fixed length control field 00666nam a2200205 a 4500
001 - CONTROL NUMBER
control field :::00013656$&:&@@
003 - CONTROL NUMBER IDENTIFIER
control field OkBaRHE
005 - DATE AND TIME OF LATEST TRANSACTION
control field 20100324123340.0
008 - FIXED-LENGTH DATA ELEMENTS--GENERAL INFORMATION
fixed length control field s1977 j 000 0 eng u
020 ## - INTERNATIONAL STANDARD BOOK NUMBER
International Standard Book Number 0802823483
040 ## - CATALOGING SOURCE
Transcribing agency
100 1# - MAIN ENTRY--PERSONAL NAME
Personal name Mounce, Robert H.
245 14 - TITLE STATEMENT
Title The Book of Revelation.
260 ## - PUBLICATION, DISTRIBUTION, ETC. (IMPRINT)
Place of publication, distribution, etc Grand Rapids, MI., :
Name of publisher, distributor, etc Eerdmans
Date of publication, distribution, etc 1977
300 ## - PHYSICAL DESCRIPTION
Extent 426 p. ;
Dimensions 23 cm.
490 0# - SERIES STATEMENT
Series statement The new international commentary on the New Testament, vol. 17.
650 ## - SUBJECT ADDED ENTRY--TOPICAL TERM
Topical term or geographic name as entry element Bible New Testament Revelation
General subdivision Commentaries
942 ## - ADDED ENTRY ELEMENTS (KOHA)
Source of classification or shelving scheme
Koha item type Books
Copies
Permanent Location Barcode Lost status Koha item type Copy number Full call number Collection code Price effective from Damaged status Date acquired Not for loan Withdrawn status Date last seen Shelving location Source of classification or shelving scheme
RHEMA Bible Training College13656 Books1BS 2825.3 .M69Reference2010-04-14 2010-04-14  2018-04-03General Stacks